000 01188nam a2200241Ii 4500
003 JO-AjNU
005 20240630093329.0
008 230605s9999||||xx |||||||||||||| ||und||
040 _aJO-AjNU
_bara
_erda
_cJO-AjNU
041 _aara
050 1 4 _aK1241.M37.2004
100 1 _aالمصاروه، هيثم حامد خليل
_eمعد
_965881
245 0 0 _aعقد التأمين التعاوني " دراسة مقارنة "
_cاعداد هيثم حامد خليل المصاروه؛ اشراف نزيه محمد الصادق المهدي، عبد الرشيد مأمون، حسن عبد الباسط جميعي
264 3 1 _a 2004
300 _a343 ورقة
336 _atext
_btxt
_2rdacontent
337 _aunmediated
_bn
_2rdamedia
338 _avolume
_bnc
_2rdacarrier
500 _aرسالة جامعية (دكتوراة في القانون)--جامعة الدول العربية ، 2004، يشتمل على المراجع الببلوغرافية باللغة العربية واللغة الإنجليزية ص(325-343)
650 4 _aعقود التأمين -- قانون
_946773
700 1 _aالمهدي، نزيه محمد الصادق
_eمشرف
_965883
942 _2lcc
_cTHS
999 _c23940
_d23940